3D integration in VLSI circuits : implementation technologies and applications /

Currently, the term 3D integration includes a wide variety of different integration methods, such as 2.5-dimensional (2.5D) interposer-based integration, 3D integrated circuits (3D ICs), 3D systems-in-package (SiP), 3D heterogeneous integration, and monolithic 3D ICs. The goal of this book is to pro...

Full description

Bibliographic Details
Main Author: Sakuma, Katsuyuki (Author)
Corporate Author: Taylor & Francis
Format: eBook
Language:English
Published: Boca Raton, FL : CRC Press/Taylor and Francis Group, [2018]
Series:Devices, circuits, & systems
Subjects:
Online Access:Connect to the full text of this electronic book

MARC

Tag First Indicator Second Indicator Subfields
LEADER 00000cam a2200000 i 4500
001 in00005524621
006 m o d
007 cr |||||||||||
008 180319s2018 flu ob 001 0 eng
005 20241108165909.9
010 |a  2020691836 
035 |a (OCoLC)on1032611958 
040 |a DLC  |b eng  |e rda  |c DLC  |d CRCPR  |d EBLCP  |d OCLCF  |d YDX  |d COO  |d CNCGM  |d MERER  |d U3W  |d CEF  |d UKMGB  |d WYU  |d S9I  |d TYFRS  |d UKAHL  |d S2H  |d N$T  |d OCLCO  |d UKUOP  |d OCL  |d OCLCO  |d OCLCQ  |d SFB  |d OCLCQ  |d OCLCO  |d WSU  |d OCLCO  |d OCLCL  |d NUI 
016 7 |a 018806827  |2 Uk 
019 |a 1029236648  |a 1048756372 
020 |a 9781315200699  |q (ebook) 
020 |a 1315200694 
020 |a 9781351779821  |q (ebook) 
020 |a 1351779826 
020 |z 9781138710399  |q (hardback ;  |q acid-free paper) 
020 |a 9781351779838 
020 |a 1351779834 
020 |a 9781351779814 
020 |a 1351779818 
020 |z 1138710393 
024 8 |a 10.1201/9781315200699  |2 doi 
035 |a (OCoLC)1032611958  |z (OCoLC)1029236648  |z (OCoLC)1048756372 
037 |a 9781351779821  |b Ingram Content Group 
050 0 0 |a TK7874.893 
072 7 |a TEC  |x 009070  |2 bisacsh 
082 0 0 |a 621.39/5  |2 23 
049 |a TXAM 
245 0 0 |a 3D integration in VLSI circuits :  |b implementation technologies and applications /  |c edited by Katsuyuki Sakuma ; Managing Editor Krzysztof Iniewski. 
264 1 |a Boca Raton, FL :  |b CRC Press/Taylor and Francis Group,  |c [2018] 
300 |a 1 online resource. 
336 |a text  |b txt  |2 rdacontent 
337 |a computer  |b c  |2 rdamedia 
338 |a online resource  |b cr  |2 rdacarrier 
347 |a data file  |2 rda 
490 0 |a Devices, circuits, & systems 
504 |a Includes bibliographical references and index. 
505 0 |a 3D Integration: Technology and Design / P. Franzon -- 3D SiP for ASIC and 3D DRAM Integration / L. Li -- A New Class of High-capacity, Resource-rich FPGAs Enabled by 3D-IC Stacked Silicon Interconnect Technology (SSIT) / S. Ramalingam, Henley Liu, Myongseob Kim, Boon Ang, Woon-Seong Kwon, Tom Lee, Susan Wu, Jonathan Chang, Ephrem Wu, Xin Wu, and Liam Madden -- Challenges in 3D / M. Koyanagi, T. Fukushima, and T. Tanaka -- Wafer-Level Three-Dimensional Integration (3DI) using Bumpless Interconnects and Ultra-Thinning / T. Ohba -- 3DI stacking technologies for high volume manufacturing by use of wafer level oxide bonding integration / S. Skordas, K. Sakuma, K. Winstel, and C. Kothandaraman -- Toward 3D high density / S. Cheramy, A. Jouve, C. Fenouillet-Beranger, P. Vivet, and L. Di Cioccio -- Novel Platforms and Applications Using 3D and Heterogeneous Integration Technologies / K-N. Chen, Ting-Yang Yu, Yu-Chen Hu, Cheng-Hsien Lu. 
520 |a Currently, the term 3D integration includes a wide variety of different integration methods, such as 2.5-dimensional (2.5D) interposer-based integration, 3D integrated circuits (3D ICs), 3D systems-in-package (SiP), 3D heterogeneous integration, and monolithic 3D ICs. The goal of this book is to provide readers with an understanding of the latest challenges and issues in 3D integration. TSVs are not the only technology element needed for 3D integration. There are numerous other key enabling technologies required for 3D integration and the speed of the development in this emerging field is very rapid. To provide readers with state-of-the-art information on 3D integration research and technology developments, each chapter has been contributed by some of the world's leading scientists and experts from academia, research institutes, and industry from around the globe--  |c Provided by publisher. 
588 |a Description based on print version record. 
650 0 |a Three-dimensional integrated circuits. 
650 0 |a Integrated circuits  |x Very large scale integration. 
650 6 |a Circuits intégrés tridimensionnels. 
650 6 |a Circuits intégrés à très grande échelle. 
650 7 |a TECHNOLOGY & ENGINEERING  |x Mechanical.  |2 bisacsh 
650 7 |a Three-dimensional integrated circuits  |2 fast 
650 7 |a Integrated circuits  |x Very large scale integration  |2 fast 
650 7 |a Computer engineering  |2 fast 
650 7 |a Electronics  |2 fast 
655 7 |a Electronic books.  |2 local 
655 7 |a handbooks.  |2 aat 
655 7 |a Handbooks and manuals.  |2 lcgft 
655 7 |a Guides et manuels.  |2 rvmgf 
700 1 |a Sakuma, Katsuyuki,  |e author. 
710 2 |a Taylor & Francis. 
758 |i has work:  |a 3D integration in VLSI circuits (Text)  |1 https://id.oclc.org/worldcat/entity/E39PCFyjbPCfdjRQgCD8MQHQv3  |4 https://id.oclc.org/worldcat/ontology/hasWork 
776 0 8 |i Print version:  |t 3D integration in VLSI circuits  |d Boca Raton, FL : CRC Press/Taylor & Francis Group, 2018.  |z 9781138710399 (hardback : acid-free paper)  |w (DLC) 2018010530 
856 4 0 |u http://proxy.library.tamu.edu/login?url=https://www.taylorfrancis.com/books/9781315200699  |z Connect to the full text of this electronic book  |t 0 
955 |a Taylor and Francis ENGnetBASE 
994 |a 92  |b TXA 
999 f f |s 453db153-ad32-4a7d-95ec-93b48a293595  |i 579ecf87-4a49-47f0-8db5-d91f513b4a79  |t 0 
952 f f |a Texas A&M University  |b College Station  |c Electronic Resources  |d Available Online  |t 0  |e TK7874.893   |h Library of Congress classification 
998 f f |a TK7874.893   |t 0  |l Available Online